| 000 | 00478nam a22001577a 4500 | ||
|---|---|---|---|
| 005 | 20251124143745.0 | ||
| 008 | 251124b |||||||| |||| 00| 0 eng d | ||
| 020 | _a0-7546-2100-6 | ||
| 100 | _aWATKIN, THOMAS GLYN | ||
| 245 | _aAN HISTORICAL INTRODUCTION TO MODERN CIVIL LAW | ||
| 260 |
_aALDERSHOT _bASHGATE _c1999 |
||
| 300 | _aX, 498P. | ||
| 500 | _aINCLUDES BIBLIOGRAPHICAL REFERENCES AND INDEX | ||
| 650 | _aI. LAW-HISTORY II. LEGAL SYSTEMS-HISTORY | ||
| 942 |
_2lcc _cBK |
||
| 999 |
_c216262 _d216262 |
||